00230 a2200109 4500001000700000040003500007100002800042240001800070245001300088362000900101440001000110147995 cEscola São Tomás de Aquino aHETZEL, Graziela Bozano10aBenjamimlpor10aBenjamim0 a1997 1aBraga